Statistics for movies and songs by Emoji!

Click here to take the quiz!

General Stats

  • This quiz has been taken 165 times
  • The average score is 4 of 15

Answer Stats

HintAnswer% Correct
๐Ÿ‘ฆ๐Ÿปโšก๏ธ๐Ÿงน(movie)Harry Potter
82%
๐Ÿ๐ŸŒน๐ŸŽฅ(Movie)Bee Movie
56%
๐ŸŒง๐ŸŒฎ(song)Raining Tacos
55%
๐Ÿ’ฆ๐Ÿˆ๐Ÿฌ(song)Watermelon sugar
39%
โ˜๏ธ๐Ÿฅฉ๐ŸŽพ(movie)Cloudy with a chance of Meatballs
38%
๐Ÿ‘4๏ธโƒฃ๐Ÿ‘‰(Song)Good 4 you
37%
๐Ÿ’๐Ÿฆ๐Ÿผ๐Ÿ˜๐Ÿข๐Ÿ‘ฎ(movie)Zootopia
34%
๐Ÿง›๐Ÿ’ก๐ŸŒŒ(movie)Twilight
24%
๐Ÿ‘ง๐Ÿง’๐Ÿ‘ง๐Ÿง’๐Ÿ‘ง๐Ÿง’๐Ÿ‘ง๐Ÿง’๐Ÿ‘ง๐Ÿง’๐Ÿ‘ง๐Ÿง’๐Ÿ’ต๐Ÿ’ตโŒ(movie)Cheaper by the dozen
22%
๐Ÿ‘น๐Ÿ (movie)Monster house
21%
๐Ÿˆ๐Ÿฅฉ๐Ÿ(movie)Garfield
15%
๐Ÿค–๐Ÿช๐Ÿ‘ฝ(movie)Wall-E
14%
๐Ÿ‘๐Ÿ‘ง๐Ÿ’€(song)All the good girls go to hell
7%
๐Ÿ›ณ๐Ÿชจ๐Ÿ’ช(song)Titanium
4%
๐Ÿชฆ๐Ÿ‘ฏโ€โ™€๏ธ(song)Bury a friend
1%

Score Distribution

Percentile by Number Answered

Percent of People with Each Score

Your Score History

You have not taken this quiz